000 00544nam a22002177a 4500
999 _c6694
_d6694
001 6694
003 BD-JhCC
005 20180128121443.0
008 180128b xxu||||| |||| 00| 0 eng d
035 _a(BD-JhCC)6694
040 _aBD-JhCC
_dBD-JhCC
041 _aeng
082 _a590
_bPER 1952
100 _aPerry, James C.
245 _aThe Science of Zoology /
_c James C. Perry
260 _aMilwaukee :
_bThe Bruce Publishing Company,
_c1952.
300 _a709 p. :
_c24 cm.
650 _aZoology
942 _2ddc
_cBK